书目信息 |
| 题名: |
馆人合一
|
|
| 作者: | 杨新涯 , 彭晓东 主编 | |
| 分册: | ||
| 出版信息: | 北京 知识产权出版社 2010.07 |
|
| 页数: | 286页 | |
| 开本: | 26cm | |
| 丛书名: | ||
| 单 册: | ||
| 中图分类: | G250.76-53 | |
| 科图分类: | ||
| 主题词: | 数字图书馆--shu zi tu shu guan--文集 | |
| 电子资源: | ||
| ISBN: | 978-7-5130-0055-0 | |
| 000 | 00939nam0 2200253 450 | |
| 001 | 012011060667 | |
| 005 | 20110223150213.35 | |
| 010 | @a978-7-5130-0055-0@dCNY56.00 | |
| 100 | @a20110223d2010 em y0chiy0120 ea | |
| 101 | 0 | @achi |
| 102 | @aCN@b110000 | |
| 105 | @aa z 000yy | |
| 106 | @ar | |
| 200 | 1 | @a馆人合一@Aguan ren he yi@e图书馆2.0创新与实践@f杨新涯, 彭晓东主编@Fyang xin ya,peng xiao dong zhu bian |
| 210 | @a北京@c知识产权出版社@d2010.07 | |
| 215 | @a286页@c图@d26cm | |
| 330 | @a本书是图书馆Lib2.09年会形成的论文集,收录了从年会80篇优秀征文中筛选出的27篇论文,并精选了清华大学等8所高校和单位的实践案例。 | |
| 517 | 1 | @a图书馆2.0创新与实践@Atu shu guan 2.0 chuang xin yu shi jian |
| 606 | 0 | @a数字图书馆@Ashu zi tu shu guan@j文集 |
| 690 | @aG250.76-53@v4 | |
| 701 | 0 | @a杨新涯@Ayang xin ya@4主编 |
| 701 | 0 | @a彭晓东@Apeng xiao dong@4主编 |
| 801 | 0 | @aCN@bQSSK@c20110223 |
| 905 | @b791673-74@dG250.76-53@eY308@f2 | |
| 馆人合一:图书馆2.0创新与实践/杨新涯, 彭晓东主编.-北京:知识产权出版社,2010.07 |
| 286页:图;26cm |
| ISBN 978-7-5130-0055-0:CNY56.00 |
| 本书是图书馆Lib2.09年会形成的论文集,收录了从年会80篇优秀征文中筛选出的27篇论文,并精选了清华大学等8所高校和单位的实践案例。 |
| ● |
| 相关链接 |
|
|
|
正题名:馆人合一
索取号:G250.76-53/Y308
 
预约/预借
| 序号 | 登录号 | 条形码 | 馆藏地/架位号 | 状态 | 备注 |
| 1 | 791673 | 207916736 | 社科二线422/409社科库 59排2列1层/ [索取号:G250.76-53/Y308] | 在馆 | |
| 2 | 791674 | 207916745 | 社科库409/409社科库 59排2列1层/ [索取号:G250.76-53/Y308] | 在馆 |